| 000 | 00739nam a22001937a 4500 | ||
|---|---|---|---|
| 005 | 20170307125246.0 | ||
| 008 | 111031t mx||||| |||| 00| 0 spa d | ||
| 020 | _a9707015357 | ||
| 050 | 0 | 4 |
_aHQ1075.5M6 _bV63 2004 |
| 245 | 0 | 0 |
_aVoces disidentes : _bdebates contemporáneos en los estudios de género en México / _ccoord. Sara Elena Pérez-Gil Romo,Patricia Ravelo Blancas |
| 250 | _a1a ed. | ||
| 260 |
_aMéxico : _bCIESAS, Centro de Investigaciones y Estudios Superiores en Antropología Social : _c2004 |
||
| 300 |
_a537 p. : _c23 cm. |
||
| 504 | _aIncluye índice | ||
| 650 | 4 |
_aFeminismo _xHistoria _zMéxico |
|
| 700 | 1 |
_aPérez-Gil Romo, Sara Elena, _ecoord. |
|
| 700 | 1 |
_aRavelo Blancas, Patricia, _ecoord. |
|
| 942 |
_2lcc _cLIB |
||
| 999 |
_c129530 _d129530 |
||